Topics in dynamic bifurcation theory /

Bibliographic Details
Main Author: Hale, Jack K.
Corporate Author: Conference Board of the Mathematical Sciences
Format: Book
Language:English
Published: Providence, R.I. : Published for the Conference Board of the Mathematical Sciences by the American Mathematical Society, [1981]
Series:Regional conference series in mathematics ; no. 47.
Subjects:

MARC

Tag First Indicator Second Indicator Subfields
LEADER 00000pam a2200000 a 4500
001 in00000069683
005 20151008054533.0
008 810325s1981 riua b 00010 eng
010 |a  81003445  
020 |a 0821816985 
035 |a (OCoLC)07329440 
035 |9 AAJ0952AM 
039 0 |a 2  |b 3  |c 3  |d 3  |e 3 
040 |a DLC  |c DLC  |d TXA  |d UtOrBLW 
049 |a TXAM  |c [932800] 
050 0 0 |a QA1  |b .R33 no. 47  |a QA372 
082 0 |a 515.3/5  |2 19 
100 1 |a Hale, Jack K. 
245 1 0 |a Topics in dynamic bifurcation theory /  |c by Jack K. Hale. 
264 1 |a Providence, R.I. :  |b Published for the Conference Board of the Mathematical Sciences by the American Mathematical Society,  |c [1981] 
264 4 |c ©1981 
300 |a iii, 84 pages :  |b illustrations ;  |c 26 cm. 
336 |a text  |b txt  |2 rdacontent 
337 |a unmediated  |b n  |2 rdamedia 
338 |a volume  |b nc  |2 rdacarrier 
490 1 |a Regional conference series in mathematics ;  |v no. 47 
500 |a "Expository lectures from the CBMS regional conference, held at the University of Texas at Arlington, June 16-20, 1980" verso title page. 
504 |a Bibliography: pages [77]-84. 
650 0 |a Differential equations. 
650 0 |a Nonlinear oscillations. 
650 0 |a Bifurcation theory. 
710 2 |a Conference Board of the Mathematical Sciences. 
830 0 |a Regional conference series in mathematics ;  |v no. 47. 
999 |a MARS 
999 f f |s 4319c252-6d8b-35ab-9ba4-38a2a20d4a44  |i 7f4f641e-13d3-311d-8586-e3e59e5ed03d  |t 0 
952 f f |p ric  |a Texas A&M University  |b Rellis Campus  |c Joint Library Facility  |d Remote Storage  |t 0  |e QA1 .R33 no. 47  |h Library of Congress classification  |i unmediated -- volume  |m A14806200273 
998 f f |a QA1 .R33 no. 47  |t 0  |l Remote Storage